Sports Quiz

Random Sports Quiz

Camden Yards Inaugural Season Home Runs Quiz Stats

 Plays Quiz not verified by Sporcle

Score 0/69 Timer 08:00
0 Plays Today
Team Player % Correct
Baltimore OriolesCal Ripken, Jr.
98.3%
Baltimore OriolesBilly Ripken
98.3%
Seattle MarinersKen Griffey, Jr.
88.1%
Oakland AthleticsMark McGwire
81.4%
Oakland AthleticsJose Canseco
81.4%
Cleveland IndiansAlbert Belle
79.7%
Baltimore OriolesBrady Anderson
78%
Seattle MarinersEdgar Martinez
78%
Seattle MarinersTino Martinez
78%
Texas RangersJuan Gonzalez
78%
Chicago White SoxFrank Thomas
78%
Baltimore OriolesChito Martinez
76.3%
Texas RangersIvan Rodriguez
74.6%
Minnesota TwinsKirby Puckett
74.6%
Oakland AthleticsRickey Henderson
74.6%
New York YankeesDon Mattingly
74.6%
Baltimore OriolesGlenn Davis
71.2%
Seattle MarinersJay Buhner
67.8%
Kansas City RoyalsGeorge Brett
64.4%
Baltimore OriolesChris Hoiles
62.7%
California AngelsGary Gaetti
57.6%
Toronto Blue JaysDave Winfield
57.6%
Toronto Blue JaysDevon White
54.2%
Detroit TigersCecil Fielder
50.8%
Detroit TigersAlan Trammell
50.8%
Toronto Blue JaysJohn Olerud
50.8%
Cleveland IndiansCarlos Baerga
47.5%
Detroit TigersLou Whitaker
47.5%
Texas RangersDean Palmer
47.5%
Boston Red SoxWade Boggs
47.5%
Texas RangersRuben Sierra
45.8%
Oakland AthleticsHarold Baines
44.1%
Oakland AthleticsCarney Lansford
42.4%
Baltimore OriolesMike Devereaux
40.7%
Detroit TigersMickey Tettleton
40.7%
Team Player % Correct
Chicago White SoxRobin Ventura
39%
Boston Red SoxEllis Burks
39%
New York YankeesRoberto Kelly
35.6%
Detroit TigersTravis Fryman
33.9%
Baltimore OriolesRandy Milligan
32.2%
Baltimore OriolesLeo Gomez
30.5%
New York YankeesMel Hall
30.5%
New York YankeesMike Stanley
30.5%
New York YankeesDanny Tartabull
28.8%
Texas RangersBrian Downing
28.8%
Baltimore OriolesSam Horn
27.1%
Baltimore OriolesDavid Segui
25.4%
Cleveland IndiansPaul Sorrento
25.4%
Baltimore OriolesJoe Orsulak
23.7%
Chicago White SoxSteve Sax
23.7%
Cleveland IndiansMark Lewis
22%
Boston Red SoxScott Cooper
22%
New York YankeesCharlie Hayes
20.3%
Baltimore OriolesTim Hulett
18.6%
Chicago White SoxRon Karkovice
18.6%
California AngelsVon Hayes
18.6%
New York YankeesMike Gallego
18.6%
New York YankeesRandy Velarde
18.6%
Minnesota TwinsShane Mack
16.9%
Baltimore OriolesJeff Tackett
15.3%
California AngelsLee Stevens
15.3%
Chicago White SoxDan Pasqua
13.6%
Minnesota TwinsPedro Munoz
11.9%
Texas RangersKevin Reimer
10.2%
Texas RangersJeff Huson
10.2%
Texas RangersJeff Frye
8.5%
Toronto Blue JaysCandy Maldonado
6.8%
Milwaukee BrewersFranklin Stubbs
6.8%
California AngelsMike Fitzgerald
5.1%

You're not logged in!

Compare scores with friends on all Sporcle quizzes.
OR
Log In

Show Comments

Extras

Top Quizzes Today


Score Distribution

Your Account Isn't Verified!

In order to create a playlist on Sporcle, you need to verify the email address you used during registration. Go to your Sporcle Settings to finish the process.

Report this User

Report this user for behavior that violates our Community Guidelines.

Details: